La Voce Del Destino

Guardat en:
Dades bibliogràfiques
Autor principal: Marco Buticchi
Format: Llibre
Idioma:idioma desconegut
Publicat: Tea
Etiquetes: Afegir etiqueta
Sense etiquetes, Sigues el primer a etiquetar aquest registre!

MARC

LEADER 00000nam a2200000Ia 4500
001 R-586
003 CODICE-MESSINA
005 20260212102454.0
008 260211s9999 xx 000 0 und d
040 |c importazione_messina 
100 |a Marco Buticchi 
245 0 |a La Voce Del Destino 
260 |b Tea 
942 |2 ddc  |c BK 
952 |0 0  |1 0  |2 ddc  |4 0  |6 SCAFFALE_5_000000000000000__ROMANZI  |7 0  |9 31407  |a ME  |b ME  |d 2026-02-11  |l 0  |o SCAFFALE 5 - ROMANZI  |p R-586  |r 2026-02-11 23:52:32  |w 2026-02-11  |x [REVISIONARE]  |y BK 
999 |c 27072  |d 27072